书目信息 |
| 题名: |
法学基础
|
|
| 作者: | 张光宇 主编 | |
| 分册: | ||
| 出版信息: | 北京 中国人民公安大学出版社 2013.03 |
|
| 页数: | 474页 | |
| 开本: | 21cm | |
| 丛书名: | ||
| 单 册: | ||
| 中图分类: | D920.0 | |
| 科图分类: | ||
| 主题词: | 法学--中国--教材 , 法学 | |
| 电子资源: | ||
| ISBN: | 978-7-5653-1256-4 | |
| 000 | 00767nam0 2200241 450 | |
| 001 | 519 | |
| 005 | 20140908080452.53 | |
| 010 | @a978-7-5653-1256-4@dCNY38.00 | |
| 100 | @a20130401d2013 em y0chiy50 ea | |
| 101 | 0 | @achi |
| 102 | @aCN@b110000 | |
| 105 | @ay z 000yy | |
| 106 | @ar | |
| 200 | 1 | @a法学基础@AFa Xue Ji Chu@f张光宇主编@FZhang Guang Yu Zhu Bian |
| 210 | @a北京@c中国人民公安大学出版社@d2013.03 | |
| 215 | @a474页@d21cm | |
| 330 | @a本书共分为上篇法学导读、下篇宪法导论两部分,主要内容包括:法学导论、法学引论、法学申论、法律导论、法律引论、法律申论等。 | |
| 606 | 0 | @a法学@y中国@j教材 |
| 606 | 0 | @a法学 |
| 690 | @aD920.0@v5 | |
| 701 | 0 | @a张光宇@AZhang Guang Yu@4主编 |
| 801 | 0 | @aCN@bTANGWEI@c20140715 |
| 905 | @b0838201-03@dD920.0@e1045@f3 | |
| 法学基础/张光宇主编.-北京:中国人民公安大学出版社,2013.03 |
| 474页;21cm |
| ISBN 978-7-5653-1256-4:CNY38.00 |
| 本书共分为上篇法学导读、下篇宪法导论两部分,主要内容包括:法学导论、法学引论、法学申论、法律导论、法律引论、法律申论等。 |
| ● |
| 相关链接 |
|
|
|
|
正题名:法学基础
索取号:D920.0/1045
 
预约/预借
| 序号 | 登录号 | 条形码 | 馆藏地/架位号 | 状态 | 备注 |
| 1 | 0838201 | 208382016 | 第一样本阅览室/ [索取号:D920.0/1045] | 在馆 | |
| 2 | 0838202 | 208382025 | 密集书库-史法系/ [索取号:D920.0/1045] | 在馆 | |
| 3 | 0838203 | 208382034 | 第一借阅区/ [索取号:D920.0/1045] | 在馆 |